Shogi Title Winners - Statistics

General Stats
  • This quiz has been taken 3 times
  • The average score is 29 of 46
Answer Stats
Titles Player % Correct
28 Fujii Sōta
100%
3 Fujii Takeshi
100%
99 Habu Yoshiharu
100%
2 Hirose Akihito
100%
7 Masuda Kōzō
100%
2 Mori Keiji
100%
12 Moriuchi Toshiyuki
100%
80 Ōyama Yasuharu
100%
3 Satō Amahiko
100%
13 Satō Yasumitsu
100%
27 Tanigawa Kōji
100%
31 Watanabe Akira
100%
19 Yonenaga Kunio
100%
1 Kimura Kazuki
67%
3 Fukaura Kōichi
67%
6 Gōda Masataka
67%
1 Itodani Tetsurō
67%
1 Itō Takumi
67%
8 Kimura Yoshio
67%
7 Kubo Toshiaki
67%
3 Maruyama Tadahisa
67%
5 Nagase Takuya
67%
64 Nakahara Makoto
67%
2 Nakamura Osamu
67%
1 Nakamura Taichi
67%
1 Ōuchi Nobuyuki
67%
1 Saitō Shintarō
67%
1 Sugai Tatsuya
67%
6 Toyoshima Masayuki
67%
3 Yashiki Nobuyuki
67%
1 Ariyoshi Michio
33%
2 Fukusaki Bungo
33%
5 Futakami Tatsuya
33%
8 Katō Hifumi
33%
7 Minami Yoshikazu
33%
1 Miura Hiroyuki
33%
4 Naitō Kunio
33%
1 Shima Akira
33%
5 Takahashi Michio
33%
1 Takami Taichi
33%
1 Tanaka Torahiko
33%
6 Tsukada Masao
33%
1 Tsukada Yasuaki
33%
2 Yamada Michiyoshi
33%
4 Kiriyama Kiyozumi
0%
1 Moriyasu Hidemitsu
0%
No matching quizzes found
Score Distribution
Percent of People with Each Score
Percentile by Number Answered
Your Score History
You have not taken this quiz